000 00770nam a2200241Ia 4500
003 OSt
005 20220923224349.0
006 a|||||r|||| 00| 0
007 ta
008 Pun
024 _a231,715
037 _cTextual
040 _aARTS
_cARTS
_bPun
041 _2Pun
_aPun
082 _aO153:g, L6
100 _aਸੁਖਪਾਲਵੀਰ ਸਿੰਘ
_9156263
245 0 _aਪੰਜਾਬੀ ਸਾਹਿਤ
_b ਅਧਿਐਨ ਤੇ ਮੁੱਲਾਂਕਣ
260 _aਅੰਮ੍ਰਿਤਸਰ
_b ਰਘਬੀਰ ਰਚੜਾ ਪ੍ਰਕਾFਨ
_c1976
300 _a200ਪੰ
_ccm.
650 _aਪੰਜਾਬੀ ਸਾਹਿਤ
942 _hO153:g, L6
_cTEXL
_2CC
999 _c370967
_d370967